Het Wilhelmus - Statistieken

Algemene statistieken
  • Deze quiz is 19 keer genomen
  • De gemiddelde score is 50 van 71
Antwoordstatistieken
Antwoord % Correct
van
100%
van
100%
van
100%
van
100%
wil
100%
Wilhelmus
100%
ben
93%
ben
93%
bloed.
93%
de
93%
Hispanje
93%
ik,
93%
ik
93%
ik
93%
ik
93%
ik
93%
ik
93%
o
93%
Oranje
93%
Den
87%
den
87%
Den
87%
getrouwe
87%
koning
87%
prinse
87%
t'
87%
Vaderland
87%
altijd
80%
blijf
80%
dood.
80%
Duitsen
80%
geëerd.
80%
heb
80%
in
80%
onverveerd.
80%
tot
80%
vrij
80%
Een
73%
mij
73%
mij
73%
Mijn
73%
mijn
73%
mijn
73%
Nassauwe
73%
die
53%
God
53%
Heer;
53%
op
53%
blijven,
47%
bouwen,
47%
Dat
47%
ende
47%
Gij,
47%
mag
47%
schild
47%
U
47%
Uw
47%
verlaat
47%
vroom
47%
zijt
47%
zo
47%
aller
40%
betrouwen
40%
dienaar
40%
doorwondt.
40%
hart
40%
nimmermeer.
40%
stond,
40%
tirannie
40%
toch
40%
verdrijven
40%
Geen overeenkomende quizzen gevonden
Scoreverdeling
Procent van Mensen met Elke Score
Percentiel versus Aantal Correcte Antwoorden
Uw Scoregeschiedenis
U heeft deze quiz nog niet genomen